[Event "chess.com Speed 2021"]
[Site "chess.com INT"]
[Date "2021.11.11"]
[Round "1.37"]
[White "Nihal, Sarin"]
[Black "Grischuk, Alexander"]
[Result "1-0"]
[WhiteTitle "GM"]
[BlackTitle "GM"]
[WhiteElo "2650"]
[BlackElo "2773"]
[WhiteFideId "25092340"]
[BlackFideId "4126025"]
[EventDate "2021.11.08"]
[EventType "k.o."]

1. Nf3 c5 2. b3 Nc6 3. Bb2 d5 4. e3 a6 5. d4 cxd4 6. Nxd4 Nf6 7. Nd2 e6 8. Be2
Bd6 9. O-O e5 10. Nxc6 bxc6 11. c4 O-O 12. Rc1 Qe7 13. Nf3 Bb7 14. h3 Rfe8 15.
Qc2 Rad8 16. Rfd1 Bb8 17. cxd5 cxd5 18. Qc5 Bd6 19. Qb6 Rb8 20. Qa5 h6 21. Bf1
d4 22. exd4 Bxf3 23. gxf3 e4 24. Re1 Bb4 25. Qf5 Bxe1 26. Rxe1 Qb4 27. Re3 exf3
28. Rxf3 Re1 29. Bc3 Rxf1+ 30. Kxf1 Qd6 31. Qe5 Qd8 32. d5 Rb5 33. Rg3 Kh8 34.
Rd3 Qd7 35. Kg1 Rb8 36. Qxb8+ 1-0

[Event "chess.com Speed 2021"]
[Site "chess.com INT"]
[Date "2021.11.11"]
[Round "1.38"]
[White "Grischuk, Alexander"]
[Black "Nihal, Sarin"]
[Result "0-1"]
[WhiteTitle "GM"]
[BlackTitle "GM"]
[WhiteElo "2773"]
[BlackElo "2650"]
[WhiteFideId "4126025"]
[BlackFideId "25092340"]
[EventDate "2021.11.08"]
[EventType "k.o."]

1. e4 d5 2. exd5 Qxd5 3. Nc3 Qd8 4. d4 Nf6 5. Nf3 g6 6. Bg5 Bg7 7. Qd2 Nc6 8.
O-O-O h6 9. Be3 e6 10. Bc4 Ne7 11. Ne5 Nf5 12. d5 Nxd5 13. Nxf7 Bxc3 14. Qxc3
Kxf7 15. Qb3 c6 16. Kb1 Rf8 17. Bc1 Kg7 18. g4 Nd6 19. Bd3 b5 20. h4 a5 21. Bf1
a4 22. Qg3 a3 23. h5 g5 24. Bg2 Nc4 25. b3 Qf6 26. Bxd5 exd5 27. bxc4 bxc4 28.
Rhe1 Bxg4 29. Bxa3 Rfb8+ 30. Kc1 Bxd1 31. Kxd1 Rb1+ 32. Bc1 Qd4+ 33. Ke2 Re8+
34. Be3 Rxe1+ 35. Kxe1 Qe5 36. Qg4 d4 37. Qd7+ Re7 38. Qxc6 dxe3 39. Qf6+ Qxf6 0-1

[Event "chess.com Speed 2021"]
[Site "chess.com INT"]
[Date "2021.11.11"]
[Round "1.39"]
[White "Nihal, Sarin"]
[Black "Grischuk, Alexander"]
[Result "0-1"]
[WhiteTitle "GM"]
[BlackTitle "GM"]
[WhiteElo "2650"]
[BlackElo "2773"]
[WhiteFideId "25092340"]
[BlackFideId "4126025"]
[EventDate "2021.11.08"]
[EventType "k.o."]

1. Nf3 c5 2. d4 cxd4 3. Qxd4 Nc6 4. Qa4 Nf6 5. Nc3 e6 6. e4 Bb4 7. Bd2 d6 8. a3
Bc5 9. Bd3 Bd7 10. Qb3 a6 11. O-O O-O 12. Rad1 b5 13. Ne2 Qc7 14. c3 Ng4 15.
Ned4 Nce5 16. h3 Nxf2 17. Nxe5 dxe5 18. Rxf2 exd4 19. c4 Rab8 20. Bf4 e5 21. Bg3
Be6 22. Qc2 bxc4 23. Bxc4 d3 24. Bxd3 Bxf2+ 25. Qxf2 Rfd8 26. Kh2 f6 27. Rd2 Bc4
28. Bxc4+ Qxc4 29. Rxd8+ Rxd8 30. Qb6 Qc8 31. b4 h6 32. a4 Rd2 33. b5 axb5 34.
Qxb5 Kh7 35. Qf1 Ra2 36. Qf3 Rxa4 37. Bf2 Qe6 38. Bc5 Qf7 39. h4 Qg6 40. h5 Qxe4
41. Qg3 Qh4+ 0-1

[Event "chess.com Speed 2021"]
[Site "chess.com INT"]
[Date "2021.11.11"]
[Round "1.11"]
[White "Aronian, Levon"]
[Black "Dubov, Daniil"]
[Result "1-0"]
[WhiteTitle "GM"]
[BlackTitle "GM"]
[WhiteElo "2782"]
[BlackElo "2714"]
[WhiteFideId "13300474"]
[BlackFideId "24126055"]
[EventDate "2021.11.08"]
[EventType "k.o."]

1. e4 c5 2. Nf3 e6 3. c3 d5 4. exd5 exd5 5. d4 Nc6 6. Bb5 Bd6 7. O-O Nf6 8. dxc5
Bxc5 9. Bg5 Be6 10. Nbd2 O-O 11. Nb3 Bb6 12. Nbd4 h6 13. Bh4 g5 14. Bg3 Ne4 15.
Bxc6 bxc6 16. Nxc6 Qe8 17. Ncd4 Bg4 18. Qd3 f5 19. Ne5 Bh5 20. f4 Rd8 21. Kh1
Bc7 22. Nec6 Rd6 23. Nxa7 Bb6 24. Nab5 Rg6 25. a4 Nc5 26. Qc2 Ne4 27. a5 Bc5 28.
b4 Bxd4 29. Nxd4 Qc8 30. b5 Nxc3 31. Nc6 Rxc6 32. bxc6 Qxc6 33. a6 d4 34. a7 Be2
35. Rfc1 d3 36. Qb3+ Qd5 37. Rxc3 Qxb3 38. Rxb3 d2 39. Rb8 1-0

[Event "chess.com Speed 2021"]
[Site "chess.com INT"]
[Date "2021.11.11"]
[Round "1.12"]
[White "Dubov, Daniil"]
[Black "Aronian, Levon"]
[Result "1-0"]
[WhiteTitle "GM"]
[BlackTitle "GM"]
[WhiteElo "2714"]
[BlackElo "2782"]
[WhiteFideId "24126055"]
[BlackFideId "13300474"]
[EventDate "2021.11.08"]
[EventType "k.o."]

1. d4 d5 2. Nf3 Nf6 3. c4 dxc4 4. e3 e6 5. Bxc4 a6 6. Qe2 c5 7. O-O b5 8. Bd3
Bb7 9. dxc5 Bxc5 10. Bxb5+ axb5 11. Qxb5+ Bc6 12. Qxc5 Bxf3 13. gxf3 Ra5 14. Qc4
Nbd7 15. Nc3 O-O 16. Rd1 Qb8 17. f4 Rh5 18. Qe2 Rh4 19. Qf3 Rc8 20. e4 Nf8 21.
e5 Nh5 22. Ne2 Ng6 23. Be3 h6 24. a4 Qb4 25. a5 Nhxf4 26. Nxf4 Nxf4 27. a6 Nd5
28. a7 Qb7 29. Rd4 Rxd4 30. Bxd4 Ra8 31. h3 Qb4 32. Qe4 Qd2 33. Kh2 g6 34. Kg3
Qg5+ 35. Kh2 Qd2 36. Ra3 h5 37. Rb3 Kg7 38. Rb8 Rxa7 39. Bxa7 g5 40. Be3 Qe2 41.
Qg2 1-0

[Event "chess.com Speed 2021"]
[Site "chess.com INT"]
[Date "2021.11.11"]
[Round "1.13"]
[White "Aronian, Levon"]
[Black "Dubov, Daniil"]
[Result "1-0"]
[WhiteTitle "GM"]
[BlackTitle "GM"]
[WhiteElo "2782"]
[BlackElo "2714"]
[WhiteFideId "13300474"]
[BlackFideId "24126055"]
[EventDate "2021.11.08"]
[EventType "k.o."]

1. e4 e5 2. Nf3 Nc6 3. Bb5 a6 4. Ba4 Nf6 5. O-O b5 6. Bb3 Bb7 7. d3 Bc5 8. Nc3
h6 9. Be3 d6 10. Bxc5 dxc5 11. a4 b4 12. Nd5 O-O 13. Ne3 a5 14. Kh1 Bc8 15. Rg1
Ng4 16. Qd2 Re8 17. Raf1 Nxe3 18. fxe3 Be6 19. g4 g5 20. h4 Kg7 21. Rf2 f6 22.
Nh2 c4 23. Bxc4 Bxc4 24. dxc4 Qxd2 25. Rxd2 Rad8 26. Rgd1 Rxd2 27. Rxd2 Rd8 28.
Rd5 Rxd5 29. exd5 Nb8 30. hxg5 hxg5 31. Nf1 Nd7 32. b3 Nc5 33. Ng3 e4 34. Kg2
Kf7 35. Nf5 Ke8 36. Nd4 Kd7 37. Nc6 Nb7 38. Kf2 Kd6 39. Ke2 Kd7 40. Kd2 Kd6 41.
c3 bxc3+ 42. Kxc3 f5 43. gxf5 Nc5 44. Nxa5 g4 45. Kd2 g3 46. Ke2 Ke5 47. Kf1
Kxf5 48. Kg2 Kg4 49. Nc6 Nxb3 50. a5 Nc5 51. Ne5+ Kh4 52. Ng6+ Kg4 53. Nf4 Nd3
54. Ne2 Ne1+ 55. Kf1 Nd3 56. a6 Kf3 57. Ng1+ Kxe3 58. a7 Nf4 59. a8=Q g2+ 60.
Ke1 Nd3+ 61. Kd1 Kf2 62. Nh3+ Kg3 63. Ng1 Kf2 64. Qa7+ e3 65. Qd4 Nb4 66. c5 1-0

[Event "chess.com Speed 2021"]
[Site "chess.com INT"]
[Date "2021.11.11"]
[Round "1.14"]
[White "Dubov, Daniil"]
[Black "Aronian, Levon"]
[Result "1/2-1/2"]
[WhiteTitle "GM"]
[BlackTitle "GM"]
[WhiteElo "2714"]
[BlackElo "2782"]
[WhiteFideId "24126055"]
[BlackFideId "13300474"]
[EventDate "2021.11.08"]
[EventType "k.o."]

1. e4 e5 2. Nf3 Nf6 3. Nc3 Nc6 4. d4 exd4 5. Nxd4 Bb4 6. Nxc6 bxc6 7. Bd3 d5 8.
exd5 cxd5 9. O-O O-O 10. h3 Re8 11. Qf3 c6 12. Bg5 h6 13. Bf4 a5 14. Rad1 Ba6
15. Bxa6 Rxa6 16. Ne2 Ne4 17. Nd4 Qf6 18. c3 Bd6 19. Bxd6 Qxf3 20. Nxf3 Nxd6 21.
Rfe1 a4 22. Rxe8+ Nxe8 23. Rd4 Nd6 24. Ne5 f6 25. Nd3 Nb5 26. Rb4 a3 27. Nc5 Ra7
28. bxa3 Rxa3 29. c4 dxc4 30. Rxc4 Rxa2 31. Nb7 Ra6 32. Nd8 Na7 33. Rb4 c5 34.
Rc4 Nc6 35. Nb7 Na5 36. Nxc5 1/2-1/2

[Event "chess.com Speed 2021"]
[Site "chess.com INT"]
[Date "2021.11.11"]
[Round "1.15"]
[White "Aronian, Levon"]
[Black "Dubov, Daniil"]
[Result "1-0"]
[WhiteTitle "GM"]
[BlackTitle "GM"]
[WhiteElo "2782"]
[BlackElo "2714"]
[WhiteFideId "13300474"]
[BlackFideId "24126055"]
[EventDate "2021.11.08"]
[EventType "k.o."]

1. e4 c5 2. Nf3 d6 3. c3 Nf6 4. Be2 Bd7 5. d3 g6 6. O-O Bg7 7. Be3 O-O 8. Nbd2
Nc6 9. h3 e5 10. a3 b5 11. d4 exd4 12. cxd4 cxd4 13. Nxd4 Nxd4 14. Bxd4 Re8 15.
Rc1 a5 16. Bf3 Rc8 17. Rxc8 Qxc8 18. Bc3 a4 19. Qa1 Nh5 20. Bxh5 Bxc3 21. bxc3
gxh5 22. Re1 Qc5 23. Re3 h4 24. c4 b4 25. axb4 Qxb4 26. Nf3 Rb8 27. Qf6 Qb2 28.
Qxd6 Be6 29. Nxh4 Qb1+ 30. Kh2 Qb2 31. Nf5 Bxf5 32. exf5 1-0

[Event "chess.com Speed 2021"]
[Site "chess.com INT"]
[Date "2021.11.11"]
[Round "1.16"]
[White "Dubov, Daniil"]
[Black "Aronian, Levon"]
[Result "1-0"]
[WhiteTitle "GM"]
[BlackTitle "GM"]
[WhiteElo "2714"]
[BlackElo "2782"]
[WhiteFideId "24126055"]
[BlackFideId "13300474"]
[EventDate "2021.11.08"]
[EventType "k.o."]

1. d4 d5 2. c4 dxc4 3. e4 b5 4. a4 c6 5. Nc3 b4 6. Nb1 Ba6 7. Qc2 b3 8. Qc3 e5
9. Nf3 Nf6 10. Bxc4 exd4 11. Qxb3 Bxc4 12. Qxc4 c5 13. Ne5 Qe7 14. f4 Nbd7 15.
O-O Nxe5 16. fxe5 Qxe5 17. Qb5+ Nd7 18. Bf4 Qe6 19. Qb7 Rd8 20. Bc7 Be7 21. Bxd8
Bxd8 22. Nd2 O-O 23. Qxa7 c4 24. a5 d3 25. Kh1 Bg5 26. Nxc4 Qxc4 27. Qxd7 h6 28.
Qd5 Qa6 29. b4 Rd8 30. b5 Rxd5 31. bxa6 Rd6 32. a7 Ra6 33. g3 Rxa7 34. a6 d2 35.
Kg2 Bf6 36. Ra2 Bc3 37. Kf3 g6 38. Ke2 Kg7 39. Rf3 Bb4 40. Rb3 Rd7 41. Kd1 Bc5
42. Rxd2 Re7 43. Ra2 Rd7+ 44. Kc2 Rc7 45. Rc3 1-0

[Event "chess.com Speed 2021"]
[Site "chess.com INT"]
[Date "2021.11.11"]
[Round "1.17"]
[White "Aronian, Levon"]
[Black "Dubov, Daniil"]
[Result "1-0"]
[WhiteTitle "GM"]
[BlackTitle "GM"]
[WhiteElo "2782"]
[BlackElo "2714"]
[WhiteFideId "13300474"]
[BlackFideId "24126055"]
[EventDate "2021.11.08"]
[EventType "k.o."]

1. e4 g6 2. d4 d6 3. Nf3 Nf6 4. Nc3 Bg7 5. Be2 O-O 6. O-O a6 7. a4 Nc6 8. d5 Nb4
9. Nb1 a5 10. Re1 Bd7 11. Bf1 e6 12. c3 Na6 13. dxe6 Bxe6 14. Bg5 Nc5 15. Nbd2
h6 16. Bh4 Re8 17. Nd4 Bd7 18. f3 Ne6 19. Nb5 g5 20. Bf2 Nf4 21. Nc4 d5 22. exd5
N4xd5 23. Qc2 Rxe1 24. Rxe1 Qf8 25. Nd4 Re8 26. Rd1 b6 27. Nf5 Bxf5 28. Qxf5 Ne7
29. Qc2 Ng6 30. Ne3 Ne7 31. Bg3 Rd8 32. Bxc7 Rxd1 33. Qxd1 Nc8 34. Bg3 Qc5 35.
Bf2 Qc7 36. Nf5 Bf8 37. Qd4 Ne8 38. h4 Bc5 39. Qd2 Bxf2+ 40. Qxf2 Qe5 41. Nxh6+
Kg7 42. Ng4 Qe7 43. Qd4+ Kg6 44. Bd3+ f5 45. h5+ Kxh5 46. Qh8+ Kg6 47. Ne5+ 1-0

[Event "chess.com Speed 2021"]
[Site "chess.com INT"]
[Date "2021.11.11"]
[Round "1.18"]
[White "Dubov, Daniil"]
[Black "Aronian, Levon"]
[Result "0-1"]
[WhiteTitle "GM"]
[BlackTitle "GM"]
[WhiteElo "2714"]
[BlackElo "2782"]
[WhiteFideId "24126055"]
[BlackFideId "13300474"]
[EventDate "2021.11.08"]
[EventType "k.o."]

1. d4 d5 2. c4 dxc4 3. Nf3 Nf6 4. e3 e6 5. Bxc4 c5 6. Qe2 a6 7. O-O b5 8. Bd3 c4
9. Bc2 Nc6 10. Rd1 Nb4 11. e4 Bb7 12. d5 exd5 13. e5 Nd7 14. Bf5 Nc5 15. Nc3
Nbd3 16. b4 Nxc1 17. Raxc1 Ne6 18. Be4 dxe4 19. Rxd8+ Rxd8 20. Nxe4 Bxb4 21.
Nfg5 Nxg5 22. Nxg5 Bd2 23. e6 Bxg5 24. exf7+ Kxf7 25. Qh5+ Kf6 26. f4 Bxf4 27.
Rf1 g5 28. h4 Ke7 29. hxg5 Rhf8 30. Qxh7+ Kd6 31. Rd1+ Bd5 32. Qe4 Kc6 33. Rxd5
Rxd5 34. g6 Be5 35. Qg4 Kc5 0-1

[Event "chess.com Speed 2021"]
[Site "chess.com INT"]
[Date "2021.11.11"]
[Round "1.19"]
[White "Aronian, Levon"]
[Black "Dubov, Daniil"]
[Result "0-1"]
[WhiteTitle "GM"]
[BlackTitle "GM"]
[WhiteElo "2782"]
[BlackElo "2714"]
[WhiteFideId "13300474"]
[BlackFideId "24126055"]
[EventDate "2021.11.08"]
[EventType "k.o."]

1. e4 c5 2. Nf3 Nc6 3. Bb5 e5 4. O-O Nge7 5. c3 g6 6. d4 exd4 7. cxd4 cxd4 8.
Nxd4 Bg7 9. Be3 O-O 10. Nc3 d5 11. exd5 Nb4 12. Bg5 h6 13. Bxe7 Qxe7 14. Re1 Qf6
15. Re4 Qb6 16. Nf3 Na6 17. a4 Nc5 18. Re2 Bg4 19. a5 Qd6 20. Ne4 Nxe4 21. Rxe4
Bf5 22. Re2 Rfd8 23. a6 bxa6 24. Bc6 Rab8 25. Rxa6 Rxb2 26. Rxb2 Bxb2 27. Qd2
Rb8 28. Bb5 Qc5 29. Bf1 Bc3 30. Qe3 Qxe3 31. fxe3 Rb1 32. Ra3 Bb4 33. Ra2 Bd3
34. Rf2 Bc5 35. Nd2 Rd1 36. d6 Bxe3 37. d7 Bb6 0-1

[Event "chess.com Speed 2021"]
[Site "chess.com INT"]
[Date "2021.11.11"]
[Round "1.21"]
[White "Dubov, Daniil"]
[Black "Aronian, Levon"]
[Result "0-1"]
[WhiteTitle "GM"]
[BlackTitle "GM"]
[WhiteElo "2714"]
[BlackElo "2782"]
[WhiteFideId "24126055"]
[BlackFideId "13300474"]
[EventDate "2021.11.08"]
[EventType "k.o."]

1. c4 Nf6 2. Nc3 e6 3. Nf3 d5 4. d4 Bb4 5. g3 dxc4 6. Bg2 Nc6 7. O-O O-O 8. Qa4
Bd7 9. Qc2 Be7 10. a3 b5 11. Nxb5 Na5 12. a4 Bc6 13. Bg5 Be4 14. Qc3 c6 15. Bxf6
Bxf6 16. Na3 c5 17. Qe3 Bd5 18. Rad1 cxd4 19. Nxd4 Bxg2 20. Kxg2 Qb6 21. Rd2 h6
22. Rfd1 Rac8 23. Nab5 c3 24. Nxc3 Nc4 25. Qe4 Nxd2 26. Rxd2 Bxd4 27. Qxd4 Qxd4
28. Rxd4 Rfd8 29. Rb4 Rb8 30. Rb5 a6 31. Ra5 Rd6 32. Ne4 Rc6 33. Rc5 Rxc5 34.
Nxc5 Rxb2 35. Kf3 a5 36. Ke3 Rb4 37. Kd3 Kf8 38. e4 e5 39. Nd7+ Ke7 40. Nxe5
Rxa4 41. Nc4 g5 42. Kc3 Ra1 43. f4 a4 44. Ne3 a3 45. Nf5+ Ke6 46. Nxh6 gxf4 47.
Nf5 Rb1 48. Nd4+ Ke7 0-1

[Event "chess.com Speed 2021"]
[Site "chess.com INT"]
[Date "2021.11.11"]
[Round "1.22"]
[White "Aronian, Levon"]
[Black "Dubov, Daniil"]
[Result "1-0"]
[WhiteTitle "GM"]
[BlackTitle "GM"]
[WhiteElo "2782"]
[BlackElo "2714"]
[WhiteFideId "13300474"]
[BlackFideId "24126055"]
[EventDate "2021.11.08"]
[EventType "k.o."]

1. e4 c5 2. Nf3 d6 3. c3 Nf6 4. Be2 Bd7 5. d3 Nc6 6. O-O e5 7. a3 Be7 8. b4 O-O
9. b5 Nb8 10. c4 a6 11. Nc3 axb5 12. cxb5 h6 13. a4 Be6 14. Nd2 Nbd7 15. Nc4 Nb6
16. Bd2 d5 17. Nxe5 d4 18. Nb1 c4 19. dxc4 Nxe4 20. Bf3 Nc5 21. Bb4 Nxc4 22.
Nxc4 Bxc4 23. Bxc5 Bxc5 24. Re1 Bxb5 25. Bxb7 Ra7 26. Be4 d3 27. Nd2 Ba6 28. Qf3
Re7 29. Qf5 Rxe4 30. Nxe4 Bb4 31. Red1 Qd4 32. Qf4 Rd8 33. Rab1 Bf8 34. Qe3 Qxa4
35. Nc5 Bxc5 36. Qxc5 d2 37. Rxd2 Rc8 38. Qe7 Qf4 39. Rd8+ Rxd8 40. Qxd8+ Kh7
41. h3 Qf5 42. Rd1 Bc4 43. Qd4 Be6 44. Rd3 Qb5 45. Rg3 f6 46. Qe4+ Qf5 47. Qxf5+
Bxf5 48. Re3 h5 49. h4 g5 50. g3 Kg6 51. Kg2 Bd7 52. Kf3 Kf5 53. Rd3 Bc6+ 54.
Ke3 Kg4 55. Rd4+ Kh3 56. Rd6 Bg2 57. Rxf6 gxh4 58. gxh4 Kxh4 59. f4 Bd5 60. Rg6
Bf7 61. f5 Kh3 62. Rg7 Bd5 63. f6 1-0

[Event "chess.com Speed 2021"]
[Site "chess.com INT"]
[Date "2021.11.11"]
[Round "1.23"]
[White "Dubov, Daniil"]
[Black "Aronian, Levon"]
[Result "0-1"]
[WhiteTitle "GM"]
[BlackTitle "GM"]
[WhiteElo "2714"]
[BlackElo "2782"]
[WhiteFideId "24126055"]
[BlackFideId "13300474"]
[EventDate "2021.11.08"]
[EventType "k.o."]

1. Nf3 d5 2. e3 Nf6 3. c4 e6 4. Nc3 b6 5. b3 Bb7 6. Bb2 Nbd7 7. cxd5 exd5 8. Be2
a6 9. O-O Bd6 10. Re1 h5 11. Bf1 Qe7 12. Qc2 O-O-O 13. a4 Ng4 14. h3 Nde5 15.
Nxe5 Bxe5 16. f4 Bf6 17. Ne2 d4 18. Nxd4 Bxd4 19. Bxd4 Qh4 20. Re2 Qg3 21. hxg4
hxg4 22. Rc1 Rd7 23. Qf5 Qh4 24. Bxb6 Qh1+ 25. Kf2 g3+ 26. Ke1 Qxf1+ 27. Kxf1
Rh1# 0-1

[Event "chess.com Speed 2021"]
[Site "chess.com INT"]
[Date "2021.11.11"]
[Round "1.24"]
[White "Aronian, Levon"]
[Black "Dubov, Daniil"]
[Result "1-0"]
[WhiteTitle "GM"]
[BlackTitle "GM"]
[WhiteElo "2782"]
[BlackElo "2714"]
[WhiteFideId "13300474"]
[BlackFideId "24126055"]
[EventDate "2021.11.08"]
[EventType "k.o."]

1. e4 c5 2. Nf3 Nc6 3. Bb5 e5 4. O-O Nge7 5. c3 g6 6. d4 exd4 7. cxd4 cxd4 8.
Nxd4 Bg7 9. Nf3 d5 10. exd5 Qxd5 11. Qxd5 Nxd5 12. Re1+ Be6 13. Ng5 O-O 14. Nxe6
fxe6 15. Bxc6 bxc6 16. Nd2 Nb4 17. Re4 a5 18. Nc4 a4 19. Bd2 Nd3 20. Bc3 Bxc3
21. bxc3 Rxf2 22. Ne5 Rf4 23. Rxf4 Nxf4 24. Re1 Nd5 25. c4 Nb4 26. a3 Nc2 27.
Rc1 Nxa3 28. Nxc6 Kg7 29. Nd4 e5 30. Ne6+ Kf6 31. Nc5 Ke7 32. Ne4 Rc8 33. c5 Nb5
34. Rb1 Nd4 35. Rb7+ Ke6 36. Ra7 Kd5 37. Nf6+ Kxc5 38. Rxa4 Kb5 39. Ra1 Rc2 40.
Nxh7 e4 41. Re1 Ne2+ 42. Kf1 Nc3 43. Ng5 Kc4 44. Nxe4 Nd5 45. Nf2 Kd4 46. Re4+
Kc5 47. g3 Nf6 48. Re6 1-0

[Event "chess.com Speed 2021"]
[Site "chess.com INT"]
[Date "2021.11.11"]
[Round "1.25"]
[White "Dubov, Daniil"]
[Black "Aronian, Levon"]
[Result "1-0"]
[WhiteTitle "GM"]
[BlackTitle "GM"]
[WhiteElo "2714"]
[BlackElo "2782"]
[WhiteFideId "24126055"]
[BlackFideId "13300474"]
[EventDate "2021.11.08"]
[EventType "k.o."]

1. c4 Nf6 2. Nc3 e6 3. e4 d5 4. e5 d4 5. exf6 dxc3 6. bxc3 Qxf6 7. d4 e5 8. Nf3
exd4 9. Bg5 Qe6+ 10. Be2 Be7 11. Nxd4 Qe5 12. Bxe7 Qxe7 13. O-O O-O 14. Re1 Qf6
15. Nb5 Na6 16. Qd4 Qxd4 17. cxd4 Rd8 18. c5 Bd7 19. Bc4 Kf8 20. Rab1 Bc6 21. f3
Rd7 22. Kf2 Bxb5 23. Bxb5 Rxd4 24. c6 Nc5 25. cxb7 Rb8 26. Rec1 Rd5 27. Bc6 1-0

[Event "chess.com Speed 2021"]
[Site "chess.com INT"]
[Date "2021.11.11"]
[Round "1.26"]
[White "Aronian, Levon"]
[Black "Dubov, Daniil"]
[Result "1-0"]
[WhiteTitle "GM"]
[BlackTitle "GM"]
[WhiteElo "2782"]
[BlackElo "2714"]
[WhiteFideId "13300474"]
[BlackFideId "24126055"]
[EventDate "2021.11.08"]
[EventType "k.o."]

1. e4 c5 2. Nf3 Nc6 3. Bb5 g6 4. O-O Bg7 5. d3 d6 6. Bxc6+ bxc6 7. e5 dxe5 8.
Re1 Bg4 9. h3 Bxf3 10. Qxf3 Qc7 11. Qg3 Nh6 12. Bxh6 Bxh6 13. Qh4 Bg7 14. Nd2
O-O 15. Nb3 Rab8 16. Qc4 Rb5 17. a4 Rb4 18. Qxc5 Rfb8 19. Re4 Rxe4 20. dxe4 Qd7
21. a5 h5 22. a6 h4 23. Na5 Rb6 24. Qxb6 axb6 25. Nc4 Qa7 26. Nxb6 Qxb6 27. a7
Qxb2 28. a8=Q+ Kh7 29. Qa4 Bh6 30. Rd1 Qc3 31. Qb3 Qxb3 32. cxb3 Kg7 33. Rd7 1-0

[Event "chess.com Speed 2021"]
[Site "chess.com INT"]
[Date "2021.11.11"]
[Round "1.27"]
[White "Dubov, Daniil"]
[Black "Aronian, Levon"]
[Result "0-1"]
[WhiteTitle "GM"]
[BlackTitle "GM"]
[WhiteElo "2714"]
[BlackElo "2782"]
[WhiteFideId "24126055"]
[BlackFideId "13300474"]
[EventDate "2021.11.08"]
[EventType "k.o."]

1. d4 d5 2. Nf3 Nf6 3. g3 g6 4. Bg2 Bg7 5. O-O O-O 6. Bf4 c6 7. Qc1 Bg4 8. c4
dxc4 9. Qxc4 Nd5 10. Be5 Bh6 11. Nc3 Be6 12. Nxd5 Bxd5 13. Qb4 Nd7 14. Qxb7 Nxe5
15. Nxe5 Rb8 16. Qd7 Rxb2 17. Bxd5 cxd5 18. e3 Qxd7 19. Nxd7 Rd8 20. Ne5 Bg7 21.
Nc6 Rd7 22. Rfb1 Rxb1+ 23. Rxb1 Bf6 24. Rb8+ Kg7 25. Ra8 Rd6 26. Rc8 Rd7 27. a4
a6 28. Ra8 Rd6 29. Rxa6 e5 30. Nb4 Rd7 31. dxe5 Bxe5 32. Ra5 Bc3 33. Rxd5 Ra7
34. Nd3 Rxa4 35. Kg2 h5 36. Rc5 Bf6 37. Rc7 Ra6 38. Rb7 Rd6 39. Nf4 Be5 40. Ne2
Rd2 41. Ng1 Rd6 42. Nf3 Bf6 43. h4 Re6 44. Ng1 Re7 45. Rb5 Re5 46. Ne2 Rxb5 0-1

[Event "chess.com Speed 2021"]
[Site "chess.com INT"]
[Date "2021.11.11"]
[Round "1.28"]
[White "Aronian, Levon"]
[Black "Dubov, Daniil"]
[Result "1-0"]
[WhiteTitle "GM"]
[BlackTitle "GM"]
[WhiteElo "2782"]
[BlackElo "2714"]
[WhiteFideId "13300474"]
[BlackFideId "24126055"]
[EventDate "2021.11.08"]
[EventType "k.o."]

1. e4 c6 2. Nf3 d5 3. d3 Bg4 4. h3 Bxf3 5. Qxf3 e6 6. g3 Nd7 7. Bg2 Bd6 8. O-O
Ne7 9. Qe2 h5 10. h4 Qb6 11. Kh1 Ne5 12. Nc3 d4 13. Nd1 O-O-O 14. a4 Ng4 15. a5
Qc7 16. f4 a6 17. Nf2 g5 18. hxg5 Ne3 19. Bxe3 dxe3 20. Nh3 h4 21. g4 Bc5 22. c3
e5 23. fxe5 Qxe5 24. d4 Qg3 25. Rf3 Qxg4 26. Rxe3 Qxe2 27. Rxe2 Ba7 28. b4 Bb8
29. Rf1 Rdf8 30. e5 Kd7 31. Bf3 Bc7 32. Kg2 Ke8 33. Be4 Rhg8 34. Kf3 Bd8 35. Rg2
Rg7 36. Ke2 Rh8 37. Kd3 Rh5 38. Rg4 Ng8 39. g6 f6 40. Nf4 Rh6 41. Ne6 Re7 42.
Nxd8 Kxd8 43. exf6 Nxf6 44. Rxf6 Rg7 45. Rf7 Rxf7 46. gxf7 Ke7 47. Rg6 Rh5 48.
Rg8 Kxf7 49. Bg6+ Kxg8 50. Bxh5 Kf8 51. Bg4 Ke7 52. Ke4 Kd6 53. c4 Kc7 54. Ke5
Kb8 55. Kd6 Ka7 56. Kc7 Ka8 57. Bh3 Ka7 58. d5 cxd5 59. cxd5 Ka8 60. d6 Ka7 61.
d7 b5 62. axb6+ Ka8 63. b7+ Ka7 64. b8=Q# 1-0

[Event "chess.com Speed 2021"]
[Site "chess.com INT"]
[Date "2021.11.11"]
[Round "1.29"]
[White "Dubov, Daniil"]
[Black "Aronian, Levon"]
[Result "1-0"]
[WhiteTitle "GM"]
[BlackTitle "GM"]
[WhiteElo "2714"]
[BlackElo "2782"]
[WhiteFideId "24126055"]
[BlackFideId "13300474"]
[EventDate "2021.11.08"]
[EventType "k.o."]

1. e4 e5 2. Bb5 Bc5 3. Nf3 Nf6 4. O-O c6 5. d4 exd4 6. e5 Ne4 7. Bd3 d5 8. exd6
Nxd6 9. Re1+ Kf8 10. Bf4 Bg4 11. Nbd2 Ne8 12. Ne4 Bb4 13. c3 dxc3 14. bxc3 Be7
15. h3 Bh5 16. Qe2 Nd7 17. Rad1 Ndf6 18. g4 Nd5 19. Bg3 Bg6 20. c4 Bxe4 21. cxd5
Bxd5 22. Bc4 Nf6 23. g5 Nh5 24. Bh2 Bd6 25. Bxd5 cxd5 26. Rxd5 Bxh2+ 27. Nxh2 g6
28. Rxd8+ Rxd8 29. Ng4 h6 30. gxh6 Kg8 31. Qe5 Rf8 32. Qxh5 1-0

[Event "chess.com Speed 2021"]
[Site "chess.com INT"]
[Date "2021.11.11"]
[Round "1.31"]
[White "Aronian, Levon"]
[Black "Dubov, Daniil"]
[Result "0-1"]
[WhiteTitle "GM"]
[BlackTitle "GM"]
[WhiteElo "2782"]
[BlackElo "2714"]
[WhiteFideId "13300474"]
[BlackFideId "24126055"]
[EventDate "2021.11.08"]
[EventType "k.o."]

1. e4 e5 2. Nf3 Nc6 3. Bb5 a6 4. Ba4 Nf6 5. O-O Be7 6. Re1 b5 7. Bb3 O-O 8. d3
d6 9. a3 Nd4 10. Nxd4 exd4 11. Bg5 c5 12. Nd2 Bb7 13. Qf3 Rc8 14. Qh3 Nd7 15.
Bxe7 Qxe7 16. f4 Nb6 17. Nf3 c4 18. Ba2 cxd3 19. cxd3 Rc2 20. Nxd4 Rxb2 21. Nf5
Qf6 22. Qh4 Qxh4 23. Nxh4 Rc8 24. Reb1 Rd2 25. Rd1 Rcc2 26. Bb3 Rxd1+ 27. Rxd1
Rc3 28. Ba2 Rxa3 29. Bb1 Na4 30. Nf5 Nc3 31. Rf1 Rb3 32. Bc2 Rb2 33. Bd1 a5 34.
Nxd6 Bc6 35. Bf3 a4 36. d4 a3 37. d5 Bd7 38. e5 a2 39. Ne4 Rb1 40. Nxc3 Rxf1+
41. Kxf1 a1=Q+ 42. Nd1 Qd4 43. d6 Qxf4 44. Kf2 Qxe5 45. Ne3 Qc5 46. g3 b4 47.
Bd5 Qxd6 48. Kf3 Qc5 49. Ke4 Bc6 50. Bxc6 Qxc6+ 51. Nd5 Qc5 52. Nxb4 Qxb4+ 53.
Kf3 Qd2 54. h4 h5 55. g4 Qd3+ 56. Kf4 Qd4+ 57. Kf3 Qxg4+ 58. Ke3 f5 59. Kf2 Kf7
60. Ke1 Ke6 61. Kd2 Kd5 62. Kc3 Qc4+ 63. Kd2 Kd4 64. Ke1 Qa2 65. Kf1 Ke3 66. Kg1
Kf3 67. Kh1 Qg2# 0-1